000
00252nam a22001217a 4500
082
_a
474
_b
JOH/P
100
_a
JOHARI APOORVA VIRMANI
245
_a
PANCHATHANTRA
260
_a
DELHI
_b
RAJPAL
300
_a
16
650
_a
STORY HINDI
_z
DELHI
942
_c
BK
999
_c
4897
_d
4897